000 00307nam a2200145Ia 4500
100 _aBeiser/Arthur
942 _cBK
654 _aphysics
245 _aPerspectives of Modern Physics
260 _bMcGraw Hill
_aAuckland
_c1981
082 _a539
_bBEI
300 _a610
546 _aENGLISH
999 _c34331
_d34331